|
|
|
|
| LEADER |
01372nam a2200313 a 4500 |
| 001 |
2141142 |
| 008 |
110802s1998 enk b 001 0 eng |
| 010 |
|
|
|a 98010539
|
| 020 |
|
|
|a 0192832654 (pbk. : alk. paper)
|
| 040 |
|
|
|a DLC
|c DLC
|d DLC
|d BD-DhAAL
|
| 043 |
|
|
|a e-uk---
|a b------
|
| 082 |
0 |
0 |
|a 820.8/09171241
|2 21
|
| 245 |
0 |
0 |
|a Empire writing :
|b an anthology of colonial literature, 1870-1918 /
|c edited with an introduction and notes by Elleke Boehmer.
|
| 260 |
|
|
|a Oxford [England] ;
|a New York :
|b Oxford University Press,
|c 1998.
|
| 300 |
|
|
|a lvi, 507 p. ;
|c 20 cm.
|
| 490 |
1 |
|
|a Oxford world's classics
|
| 504 |
|
|
|a Includes bibliographical references (p. [xliv]-liii) and index.
|
| 541 |
|
|
|e 00013731
|
| 651 |
|
0 |
|a Commonwealth countries
|x Literary collections.
|
| 651 |
|
0 |
|a Great Britain
|x Colonies
|x Literary collections.
|
| 650 |
|
0 |
|a Commonwealth literature (English)
|
| 650 |
|
0 |
|a Imperialism
|x Literary collections.
|
| 650 |
|
0 |
|a English literature
|y 19th century.
|
| 650 |
|
0 |
|a English literature
|y 20th century.
|
| 700 |
1 |
|
|a Boehmer, Elleke,
|d 1961-
|
| 830 |
0 |
|
|a Oxford world's classics (Oxford University Press)
|
| 852 |
1 |
|
|a Ayesha Abed Library
|c General Shelf.
|
| 999 |
|
|
|c 11181
|d 11181
|
| 952 |
|
|
|0 0
|1 0
|2 ddc
|4 0
|6 820_809171241000000_EMP
|7 0
|9 17772
|a BRACUL
|b BRACUL
|c GEN
|d 2011-08-08
|g 711.00
|l 0
|o 820.809171241 EMP
|p 3010013731
|r 2011-08-08
|t 1
|w 2011-08-08
|y BK
|